• 首页
  • 本馆介绍
  • 公告通知
  • 最新文献
  • 馆藏检索
  • 电子资源
  • 读者导购
  • 参考咨询
  • 我的图书馆
  • 登录
  • 详细信息显示
  • 放入我的书架
  • 预约/预借图书
  • 作者相关作品
  • 分类相关作品
  • 丛书相关作品
  • 出版社相关作品

书目信息

  • 表格格式
  • 工作单格式
  • 卡片格式
题名:
穿越中国当代思想
    
 
作者: 吴炫 著
分册:  
出版信息: 南京   江苏教育出版社  2007
页数: 334页
开本: 24cm
丛书名:
单 册:
中图分类: B260.5
科图分类:
主题词: 思想评论--中国--现代 , 思想评论
电子资源:
ISBN: 978-7-5343-7946-8
000 00762nam0 2200229 450
001 003389842
005 20070807165920.37
010    @a978-7-5343-7946-8@dCNY30.00@z7-5343-7946-6
100    @a20070226d2007 em y0chiy0110 ea
101 0  @achi
102    @aCN@b320000
105    @ay z 000yy
200 1  @a穿越中国当代思想@9chuan yue zhong guo dang dai si xiang@f吴炫著
210    @a南京@c江苏教育出版社@d2007
215    @a334页@d24cm
330    @a本书以作者持续20年的否定主义研究为基础,对学术界普遍流行的学术观、实践观、历史观、伦理观、个体观等,进行了别具一格的批判与重建。
606 0  @a思想评论@y中国@z现代
606 0  @a思想评论
690    @aB260.5@v4
701  0 @a吴炫@9wu xuan@f(1960~)@4著
801  0 @aCN@bNLC@c20070807
905    @a10447@dB260.5@e76
    
    穿越中国当代思想/吴炫著.-南京:江苏教育出版社,2007
    334页;24cm
    
    
    ISBN 978-7-5343-7946-8:CNY30.00
    本书以作者持续20年的否定主义研究为基础,对学术界普遍流行的学术观、实践观、历史观、伦理观、个体观等,进行了别具一格的批判与重建。
●
相关链接 在E读中查询图书 在五车中查询图书 在当当中查询图书 在豆瓣中查询图书


正题名:穿越中国当代思想     索取号:B260.5/76         预约/预借

序号 登录号 条形码 馆藏地/架位号 状态 备注
1 0809419   208094195   第一样本阅览室/ [索取号:B260.5/76] 在馆    
2 0809420   208094202   第一借阅区/ [索取号:B260.5/76] 在馆    
3 0809421   208094211   第一借阅区/ [索取号:B260.5/76] 在馆    
4 0809422   208094220   第一借阅区/ [索取号:B260.5/76] 在馆    
5 0809423   208094239   第一借阅区/ [索取号:B260.5/76] 在馆    
6 0809424   208094248   第一借阅区/ [索取号:B260.5/76] 在馆    
7 0809425   208094257   第一借阅区/ [索取号:B260.5/76] 在馆    
8 0809426   208094266   第一借阅区/ [索取号:B260.5/76] 在馆    
9 0809427   208094275   第一借阅区/ [索取号:B260.5/76] 在馆    
10 0809428   208094284   第一借阅区/ [索取号:B260.5/76] 在馆    
唐山师范学院图书馆 欢迎您!
大连网信软件有限公司© 版权所有